Empereurs romains - Mort subite - Statistiques

Statistiques générales
  • Ce quiz a été pris 153 fois
  • Le résultat moyen est 8 sur 16
Answers on the Grid
Answers color-coded by a green-red scale on the quiz's grid according to % correct below.
Alexandre le Grand
Auguste
Aurélien
Caligula
Caton
Charlemagne
Cicéron
Claude
Commode
Constantin
Dioclétien
Galba
Hadrien
Hannibal
Hérode
Léonidas
Jules César
Marcus Agrippa
Marc Aurèle
Marcus Brutus
Marc Antoine
Mithridate
Néron
Nerva
Pompée
Rémus
Scipion l'Africain
Septime Sévère
Spartacus
Tibère
Trajan
Valérien
 
Statistiques - réponses
Réponse % Correct
Auguste
88%
Caligula
80%
Hadrien
62%
Claude
61%
Commode
60%
Constantin
58%
Marc Aurèle
55%
Néron
52%
Tibère
47%
Trajan
47%
Aurélien
46%
Dioclétien
46%
Septime Sévère
41%
Valérien
37%
Galba
35%
Nerva
35%
Aucun quiz correspondant
Distribution des résultats
% des personnes avec chaque résultat
Percentile par nombre de réponses
Votre historique - résultats
Vous n’avez pas pris ce quiz